Miembros de la Comunidad Andina - Estadísticas

Estadísticas generales
  • Esta prueba ha sido intentada 16 veces
  • La puntuación promedio es 11 de 15
Estadísticas de respuestas
Año País % Correcto
2005 Argentina
100%
Brasil
100%
Miembro (1969-1976Observador (2004-2006) Asociado (desde 2006) Chile
100%
Colombia
100%
Ecuador
100%
Paraguay
100%
Perú
100%
Uruguay
100%
1973-2006 Venezuela
100%
1969 Bolivia
93%
2011 España
50%
2024 República Dominicana
29%
2020 Marruecos
21%
Grecia
14%
2023 Turquía
14%
No se encontraron pruebas coincidentes
Distribución de puntuación
Porcentaje de gente con cada puntuación
Porcentaje por número respondido
Historial de tus puntuaciones
No has intentado esta prueba.